LEADER 01223cam--2200361---450 001 990002057660203316 005 20200519121205.0 035 $a000205766 035 $aUSA01000205766 035 $a(ALEPH)000205766USA01 035 $a000205766 100 $a20041006d1981----km-y0itay5003----ba 101 0 $afre 102 $aIT 105 $a||||||||001yy 200 1 $a<>affretement$etendances et perspectives$fPaul Bernard 210 $aMilano$cGiuffrè$d1981 215 $aIV, 128 p.$d24 cm 225 2 $aPubblicazioni dell'Istituto di scienze giuridiche, economiche, politiche e sociali della Università di Messina$v1 410 0$12001$aPubblicazioni dell'Istituto di scienze giuridiche, economiche, politiche e sociali della Università di Messina$v1 606 0 $aNoleggio$2BNCF 676 $a346.047 700 1$aBERNARD,$bPaul$0177735 801 0$aIT$bsalbc$gISBD 912 $a990002057660203316 951 $aXXV.4.D 1 (IEP V 139)$b7463 E.C.$cXXV.4.$d00204642 959 $aBK 969 $aGIU 979 $aSIAVPROV$b10$c20041006$lUSA01$h1533 979 $aRSIAV2$b90$c20090409$lUSA01$h1159 979 $aRSIAV4$b90$c20090429$lUSA01$h1607 996 $aAffretement$91042906 997 $aUNISA LEADER 00850nam0-22002771i-450 001 990008097980403321 005 20231222112700.0 010 $a88-348-4643-5 035 $a000809798 035 $aFED01000809798 035 $a(Aleph)000809798FED01 100 $a20050426d2004----km-y0itay50------ba 101 0 $aita 102 $aIT 105 $a--------001yy 200 1 $a<>rappresentazione dei risultati delle aziende non profit$erendicontazione e controllo economico-sociale$fMichele A.Rea 210 $aTorino$cGiappichelli$d2004 215 $aXII, 236 P.$d24 cm 700 1$aRea,$bMichele A.$0374007 801 0$aIT$bUNINA$gRICA$2UNIMARC 901 $aBK 912 $a990008097980403321 952 $aC3-P16-47-RA$b8680$fECA 959 $aECA 996 $aRappresentazione dei risultati delle aziende non profit$9753710 997 $aUNINA